000
00243nam a2200121Ia 4500
100
_a
Davies/A.C
942
_c
BK
654
_a
Welding
245
_a
The Science & Practice Of Welding
260
_b
none
082
_a
671.5
546
_a
ENGLISH
999
_c
34903
_d
34903